[Event "Lindores Abbey Tal Blitz 2021"]
[Site "Riga"]
[Date "2021.11.08"]
[Round "14.6"]
[White "Adly, Ahmed"]
[Black "Shevchenko, Kirill"]
[Result "0-1"]
[WhiteElo "2602"]
[BlackElo "2647"]
[Annotator "TA"]
[PlyCount "98"]
[EventDate "2021.11.02"]
[EventType "swiss"]
[EventCountry "LAT"]
[SourceTitle "playchess.com"]
[Source "ChessBase"]
[SourceQuality "1"]

1. Nf3 Nf6 2. g3 g6 3. Bg2 Bg7 4. O-O O-O 5. d4 d6 6. c4 Nbd7 7. Nc3 e5 8. dxe5
dxe5 9. h3 Qe7 10. Be3 Rd8 11. Qc1 Nc5 12. b3 c6 13. Qa3 Bf8 14. Rad1 Rxd1 15.
Rxd1 Nfd7 16. Ng5 f6 17. Nge4 Nxe4 18. Qxe7 Bxe7 19. Nxe4 a5 20. Nd6 Bxd6 21.
Rxd6 Kf7 22. f4 Ke7 23. c5 exf4 24. gxf4 a4 25. b4 a3 26. Bd4 Ra4 27. Bc3 f5
28. e4 fxe4 29. Bxe4 Nf8 30. Bc2 Ra8 31. Bf6+ Kf7 32. Bb3+ Be6 33. Bxe6+ Nxe6
34. Bh4 Nf8 35. Bd8 Ne6 36. Ba5 Nxf4 37. Rd7+ Ke6 38. Rxb7 Nd5 39. Rxh7 Nc3 40.
Rc7 Nxa2 41. Rxc6+ Kd5 42. Rd6+ Kc4 43. Rd1 Nxb4 44. Bxb4 Kxb4 45. c6 a2 46.
Ra1 Kb3 47. Kf2 Rc8 48. Kf3 Rxc6 49. Kf4 Kb2 0-1

[Event "Lindores Abbey Tal Blitz 2021"]
[Site "Riga"]
[Date "2021.11.08"]
[Round "14.8"]
[White "Mamedov, Rauf"]
[Black "Nihal Sarin"]
[Result "1-0"]
[WhiteElo "2673"]
[BlackElo "2650"]
[Annotator "TA"]
[PlyCount "61"]
[EventDate "2021.11.02"]
[EventType "swiss"]
[EventCountry "LAT"]
[SourceTitle "playchess.com"]
[Source "ChessBase"]
[SourceQuality "1"]

1. e4 e5 2. Nf3 Nf6 3. d4 Nxe4 4. Bd3 d5 5. Nxe5 Nd7 6. Nc3 Nxc3 7. bxc3 Nxe5
8. dxe5 Bc5 9. Qh5 Be6 10. Rb1 b6 11. Bb5+ Kf8 12. O-O h6 13. Kh1 g6 14. Qe2
Qh4 15. f4 Rd8 16. Be3 Kg7 17. Bd3 d4 18. cxd4 Bxd4 19. f5 gxf5 20. Rf4 Qg5 21.
Rxd4 Rxd4 22. Bxd4 Rd8 23. Bc3 Rg8 24. Rf1 Kf8 25. Bd2 Qh4 26. Qf3 Qd4 27. Qf4
Qxf4 28. Bxf4 h5 29. Bxf5 Bxa2 30. Rd1 Ke7 31. Rd7+ 1-0

[Event "Lindores Abbey Tal Blitz 2021"]
[Site "Riga"]
[Date "2021.11.08"]
[Round "14.9"]
[White "Oparin, Grigoriy"]
[Black "Navara, David"]
[Result "0-1"]
[WhiteElo "2659"]
[BlackElo "2699"]
[Annotator "ChessBase"]
[PlyCount "132"]
[EventDate "2021.11.02"]
[EventType "swiss"]
[EventCountry "LAT"]
[SourceTitle "playchess.com"]
[Source "ChessBase"]
[SourceQuality "1"]

1. Nf3 Nf6 2. g3 d5 3. Bg2 g6 4. c4 c6 5. b3 Bg7 6. Bb2 O-O 7. O-O Re8 8. d4
Bf5 9. e3 a5 10. Nc3 Ne4 11. Qe2 Nxc3 12. Bxc3 Be4 13. Rfc1 Nd7 14. Bh3 Bxf3
15. Qxf3 Nf6 16. Rab1 Ne4 17. Be1 Ng5 18. Qg2 Nxh3+ 19. Qxh3 h5 20. Qf1 Qd7 21.
Kg2 h4 22. gxh4 Qg4+ 23. Kh1 Qxh4 24. cxd5 cxd5 25. Qg2 e6 26. Rc7 Re7 27. Rbc1
Rxc7 28. Rxc7 Qd8 29. Rc2 a4 30. bxa4 Rxa4 31. Qf1 Qa8 32. Qe2 Rc4 33. f3 b5
34. Rb2 Qa4 35. Kg2 Bf8 36. Qd3 b4 37. Qb1 Qa3 38. Bd2 Bd6 39. Rb3 Qa4 40. Rb2
Kg7 41. Rb3 Qc6 42. Rb2 Qc7 43. h3 Qe7 44. f4 Qc7 45. Qd1 Qc6 46. Qb3 Qa6 47.
Qd1 Rc8 48. Qf1 Qa3 49. Qb1 Qa6 50. Qf1 Qa4 51. Qb1 Rc7 52. Kf2 Rc4 53. Kg2 Qc6
54. Kf2 Qc8 55. Kg2 Be7 56. Qd1 Qh8 57. Qe1 Qh5 58. Qf1 Qf5 59. Qe2 Rc2 60.
Rxc2 Qxc2 61. Kf2 Qxa2 62. e4 dxe4 63. f5 e3+ 64. Qxe3 exf5 65. Qe5+ Bf6 66.
Qf4 b3 0-1

[Event "Lindores Abbey Tal Blitz 2021"]
[Site "Riga"]
[Date "2021.11.08"]
[Round "14.10"]
[White "Abdusattorov, Nodirbek"]
[Black "Maghsoodloo, Parham"]
[Result "0-1"]
[WhiteElo "2646"]
[BlackElo "2706"]
[Annotator "ChessBase"]
[PlyCount "100"]
[EventDate "2021.11.02"]
[EventType "swiss"]
[EventCountry "LAT"]
[SourceTitle "playchess.com"]
[Source "ChessBase"]
[SourceQuality "1"]

1. c4 e5 2. Nc3 Nf6 3. Nf3 Nc6 4. e4 h6 5. g3 Bc5 6. Bg2 d6 7. d3 a5 8. h3 O-O
9. O-O Ne7 10. Be3 Bxe3 11. fxe3 Ng6 12. Kh2 c6 13. d4 Be6 14. d5 Bd7 15. Qb3
Qc7 16. a4 Bc8 17. Ne1 Ra6 18. Nd3 Nd7 19. Rf2 Qb6 20. Qxb6 Rxb6 21. Raf1 f6
22. h4 Rd8 23. Bh3 Ngf8 24. g4 Nh7 25. Rd1 Rb3 26. dxc6 bxc6 27. Nc1 Rxc3 28.
bxc3 Nc5 29. Rb2 Be6 30. Rb6 Nxe4 31. Rxc6 Nf8 32. Bg2 Nf2 33. Rdxd6 Nxg4+ 34.
Kg1 Rxd6 35. Rxd6 Bxc4 36. Bd5+ Bxd5 37. Rxd5 Nxe3 38. Rxa5 Ne6 39. Ra8+ Kf7
40. a5 Nc5 41. a6 Nxa6 42. Rxa6 Nf5 43. c4 Nxh4 44. c5 Nf3+ 45. Kf2 Nd4 46. Ne2
Ne6 47. c6 Ke7 48. Nc3 Nc7 49. Rb6 Kd6 50. Ke3 h5 0-1

[Event "Lindores Abbey Tal Blitz 2021"]
[Site "Riga"]
[Date "2021.11.08"]
[Round "14.11"]
[White "Matlakov, Maxim"]
[Black "Pichot, Alan"]
[Result "1-0"]
[WhiteElo "2691"]
[BlackElo "2630"]
[Annotator "TA"]
[PlyCount "69"]
[EventDate "2021.11.02"]
[EventType "swiss"]
[EventCountry "LAT"]
[SourceTitle "playchess.com"]
[Source "ChessBase"]
[SourceQuality "1"]

1. e4 e5 2. Nf3 Nc6 3. Nc3 Nf6 4. d4 exd4 5. Nxd4 Bb4 6. Nxc6 bxc6 7. Bd3 O-O
8. O-O d5 9. Bd2 Rb8 10. Re1 Bg4 11. Qc1 Re8 12. exd5 cxd5 13. h3 Bh5 14. a3
Bc5 15. b4 Bf8 16. Bf4 Qd7 17. Qd2 Bd6 18. Bg5 Be5 19. Bf4 Qd6 20. Rxe5 Rxe5
21. Nb5 Qe7 22. Bxe5 Qxe5 23. Re1 Qb2 24. Qf4 a6 25. Qxc7 Re8 26. Rxe8+ Nxe8
27. Qb8 f6 28. g4 Qa1+ 29. Kg2 Bf7 30. Nc7 Qe5 31. Nxa6 Qd4 32. b5 h5 33. Qg3
hxg4 34. hxg4 Nd6 35. Qxd6 1-0

[Event "Lindores Abbey Tal Blitz 2021"]
[Site "Riga"]
[Date "2021.11.08"]
[Round "14.12"]
[White "Esipenko, Andrey"]
[Black "Grandelius, Nils"]
[Result "1/2-1/2"]
[WhiteElo "2713"]
[BlackElo "2669"]
[Annotator "TA"]
[PlyCount "115"]
[EventDate "2021.11.02"]
[EventType "swiss"]
[EventCountry "LAT"]
[SourceTitle "playchess.com"]
[Source "ChessBase"]
[SourceQuality "1"]

1. e4 c5 2. Nf3 d6 3. Bb5+ Bd7 4. Bxd7+ Qxd7 5. c4 Nf6 6. Nc3 g6 7. d4 cxd4 8.
Nxd4 Bg7 9. f3 O-O 10. Be3 Nc6 11. O-O a6 12. Qd3 Rfc8 13. b3 b5 14. cxb5 Ne5
15. Qd2 d5 16. Nc6 Nxc6 17. bxc6 Rxc6 18. e5 Ne8 19. f4 e6 20. Ne2 Bf8 21. Nd4
Rc7 22. Rac1 Rac8 23. Rxc7 Rxc7 24. Rc1 Ng7 25. g4 h5 26. h3 Bc5 27. Kg2 Bxd4
28. Bxd4 Rxc1 29. Qxc1 Qb5 30. Qd2 a5 31. Kf2 a4 32. Qc3 axb3 33. axb3 Qa6 34.
b4 Ne8 35. Kg3 hxg4 36. hxg4 Kg7 37. Kf2 Qa2+ 38. Ke3 Qb1 39. Kd2 Qe4 40. b5
Nc7 41. Qd3 Qxd3+ 42. Kxd3 Nxb5 43. Bc5 Nc7 44. Be7 Nb5 45. Ke3 Nc7 46. Kd4
Nb5+ 47. Kd3 Na7 48. g5 Nc6 49. Bd6 Na5 50. Be7 Nc4 51. Kd4 Nd2 52. Kd3 Ne4 53.
Bb4 Ng3 54. Bc5 Nh5 55. Ke3 Ng3 56. Kd3 Nf5 57. Bb4 Ng3 58. Kd4 1/2-1/2

[Event "Lindores Abbey Tal Blitz 2021"]
[Site "Riga"]
[Date "2021.11.08"]
[Round "14.13"]
[White "Predke, Alexandr"]
[Black "Movsesian, Sergei"]
[Result "1-0"]
[WhiteElo "2668"]
[BlackElo "2618"]
[Annotator "TA"]
[PlyCount "55"]
[EventDate "2021.11.02"]
[EventType "swiss"]
[EventCountry "LAT"]
[SourceTitle "playchess.com"]
[Source "ChessBase"]
[SourceQuality "1"]

1. d4 Nf6 2. c4 e6 3. Nc3 Bb4 4. e3 d5 5. a3 Bxc3+ 6. bxc3 c6 7. Nf3 O-O 8. Bd3
b6 9. cxd5 cxd5 10. c4 dxc4 11. Bxc4 Qc7 12. Be2 Ba6 13. Bxa6 Nxa6 14. Qd3 Rac8
15. Bd2 Qc4 16. Ke2 Nb8 17. Qxc4 Rxc4 18. Rhc1 Rfc8 19. Rxc4 Rxc4 20. Ne5 Rc8
21. a4 Ne4 22. Be1 f6 23. Nd3 Nd7 24. a5 Rc7 25. axb6 axb6 26. f3 Ng5 27. Ra8+
Nf8 28. Bb4 1-0

[Event "Lindores Abbey Tal Blitz 2021"]
[Site "Riga"]
[Date "2021.11.08"]
[Round "14.14"]
[White "Durarbayli, Vasif"]
[Black "Deac, Bogdan-Daniel"]
[Result "1-0"]
[WhiteElo "2629"]
[BlackElo "2651"]
[Annotator "TA"]
[PlyCount "65"]
[EventDate "2021.11.02"]
[EventType "swiss"]
[EventCountry "LAT"]
[SourceTitle "playchess.com"]
[Source "ChessBase"]
[SourceQuality "1"]

1. e4 e5 2. Nf3 Nc6 3. Bb5 Nf6 4. d3 Bc5 5. Bxc6 dxc6 6. Nbd2 Nd7 7. Nc4 f6 8.
Be3 Bxe3 9. Nxe3 Nc5 10. h4 h5 11. Qe2 Ne6 12. O-O-O c5 13. c3 Qd6 14. Kb1 Bd7
15. d4 exd4 16. Nf5 Qa6 17. Qxa6 bxa6 18. cxd4 O-O 19. d5 Nf4 20. Ne3 Rae8 21.
g3 Ng6 22. Nd2 Ne5 23. f4 Nd3 24. Rh2 Bb5 25. a3 c4 26. Nexc4 Nc5 27. e5 fxe5
28. Nxe5 Rd8 29. Ndf3 Ne4 30. Ng5 Nxg3 31. Ne6 Ne4 32. Rg2 Rde8 33. Rxg7+ 1-0

[Event "Lindores Abbey Tal Blitz 2021"]
[Site "Riga"]
[Date "2021.11.08"]
[Round "14.15"]
[White "Jobava, Baadur"]
[Black "Ivic, Velimir"]
[Result "1-0"]
[WhiteElo "2582"]
[BlackElo "2620"]
[Annotator "TA"]
[PlyCount "87"]
[EventDate "2021.11.02"]
[EventType "swiss"]
[EventCountry "LAT"]
[SourceTitle "playchess.com"]
[Source "ChessBase"]
[SourceQuality "1"]

1. e4 c5 2. Nf3 Nc6 3. d4 cxd4 4. Nxd4 Nf6 5. Nc3 e5 6. Ndb5 d6 7. Nd5 Nxd5 8.
exd5 Nb8 9. a4 Be7 10. Be2 O-O 11. O-O Nd7 12. a5 a6 13. Nc3 f5 14. Ra3 Bf6 15.
Bd2 e4 16. Na4 Be5 17. Re1 Nf6 18. Nb6 Rb8 19. Qc1 Qe7 20. c4 Bd7 21. b4 Be8
22. c5 Bf7 23. Bg5 Bd4 24. Rg3 dxc5 25. bxc5 Kh8 26. d6 Qe5 27. Bxf6 Qxf6 28.
Nd7 Qh4 29. Rd1 Bxf2+ 30. Kxf2 f4 31. Nxb8 Bb3 32. Kg1 fxg3 33. hxg3 Qxg3 34.
Rf1 Rxb8 35. Qf4 Qc3 36. d7 Qxc5+ 37. Kh2 Rd8 38. Bg4 h6 39. Qxe4 Qd6+ 40. Kh3
Qc7 41. Qe8+ Bg8 42. Rf8 Qc3+ 43. g3 Qc4 44. Qxd8 1-0

[Event "Lindores Abbey Tal Blitz 2021"]
[Site "Riga"]
[Date "2021.11.08"]
[Round "14.16"]
[White "Kovalenko, Igor"]
[Black "Fedoseev, Vladimir"]
[Result "0-1"]
[WhiteElo "2668"]
[BlackElo "2704"]
[Annotator "ChessBase"]
[PlyCount "48"]
[EventDate "2021.11.02"]
[EventType "swiss"]
[EventCountry "LAT"]
[SourceTitle "playchess.com"]
[Source "ChessBase"]
[SourceQuality "1"]

1. d4 Nf6 2. Nf3 g6 3. Nbd2 c5 4. e3 cxd4 5. exd4 Bg7 6. Bd3 O-O 7. O-O d6 8.
Re1 Nc6 9. Nc4 b5 10. Ne3 Rb8 11. a4 bxa4 12. Rxa4 e5 13. dxe5 dxe5 14. b3 Re8
15. Bb2 Bb7 16. Bb5 Qc7 17. Qa1 Nd7 18. Nd5 Qd6 19. Rd1 Nd4 20. Nxd4 Qxd5 21.
Bf1 exd4 22. Bxd4 Ne5 23. Ra5 Nf3+ 24. Kh1 Bxd4 0-1

[Event "Lindores Abbey Tal Blitz 2021"]
[Site "Riga"]
[Date "2021.11.08"]
[Round "14.17"]
[White "Sarana, Alexey"]
[Black "Kovalev, Vladislav"]
[Result "1-0"]
[WhiteElo "2656"]
[BlackElo "2634"]
[Annotator "TA"]
[PlyCount "95"]
[EventDate "2021.11.02"]
[EventType "swiss"]
[EventCountry "LAT"]
[SourceTitle "playchess.com"]
[Source "ChessBase"]
[SourceQuality "1"]

1. d4 Nf6 2. c4 e6 3. Nf3 Bb4+ 4. Bd2 Bxd2+ 5. Qxd2 b6 6. Nc3 Bb7 7. e3 O-O 8.
Bd3 d6 9. e4 e5 10. O-O Nbd7 11. Rfe1 Re8 12. Bc2 exd4 13. Nxd4 Nc5 14. f3 a5
15. Rad1 Ne6 16. Nf5 g6 17. Ne3 Kg7 18. Ned5 Bxd5 19. cxd5 Nc5 20. Qd4 Kg8 21.
Ba4 Nxa4 22. Nxa4 Nh5 23. Nc3 Qg5 24. Qd2 Qxd2 25. Rxd2 f5 26. Nb5 Re7 27. Rc2
fxe4 28. fxe4 Rae8 29. Rxc7 Rxe4 30. Rxe4 Rxe4 31. Nxd6 Rd4 32. Rc6 Rxd5 33.
Rxb6 Nf4 34. Ne4 Kg7 35. Rb7+ Kh6 36. g3 Nh3+ 37. Kg2 Ng5 38. Nf6 Rd2+ 39. Kf1
Rd6 40. Ng4+ Kh5 41. Ne5 h6 42. Rb5 Rd2 43. h4 Rc2 44. hxg5 Kxg5 45. Nc4+ Kf6
46. Ne3 Rd2 47. Ke1 Rh2 48. Ng4+ 1-0

[Event "Lindores Abbey Tal Blitz 2021"]
[Site "Riga"]
[Date "2021.11.08"]
[Round "14.18"]
[White "Anton Guijarro, David"]
[Black "Zvjaginsev, Vadim"]
[Result "0-1"]
[WhiteElo "2669"]
[BlackElo "2609"]
[Annotator "TA"]
[PlyCount "52"]
[EventDate "2021.11.02"]
[EventType "swiss"]
[EventCountry "LAT"]
[SourceTitle "playchess.com"]
[Source "ChessBase"]
[SourceQuality "1"]

1. Nf3 d6 2. d4 Nf6 3. g3 g6 4. b3 b5 5. Bg2 Bb7 6. O-O Bg7 7. Bb2 O-O 8. Nbd2
Nbd7 9. Re1 c5 10. a4 a6 11. c4 cxd4 12. Nxd4 Bxg2 13. Kxg2 e5 14. Nc2 bxa4 15.
Rxa4 Qc7 16. Ne3 Qb7+ 17. Kg1 Bh6 18. Nd5 Nxd5 19. cxd5 Nc5 20. Ra3 Qb4 21. Nc4
Nxb3 22. Nxd6 Nd4 23. Bxd4 exd4 24. Ne4 Qxa3 25. Nf6+ Kh8 26. Qxd4 Bg7 0-1

[Event "Lindores Abbey Tal Blitz 2021"]
[Site "Riga"]
[Date "2021.11.08"]
[Round "14.19"]
[White "Hovhannisyan, Robert"]
[Black "Henriquez Villagra, Cristobal"]
[Result "1-0"]
[WhiteElo "2622"]
[BlackElo "2608"]
[Annotator "TA"]
[PlyCount "79"]
[EventDate "2021.11.02"]
[EventType "swiss"]
[EventCountry "LAT"]
[SourceTitle "playchess.com"]
[Source "ChessBase"]
[SourceQuality "1"]

1. e4 e5 2. Nf3 Nc6 3. Nc3 Nf6 4. d4 exd4 5. Nxd4 d6 6. Bb5 Bd7 7. Bxc6 bxc6 8.
O-O Be7 9. Qf3 O-O 10. h3 Re8 11. b3 c5 12. Nf5 Bxf5 13. Qxf5 Qc8 14. Qxc8
Raxc8 15. Bb2 Nd7 16. Nd5 Bf6 17. Nxf6+ Nxf6 18. Bxf6 gxf6 19. Rfe1 Re5 20. Re3
Kf8 21. Rae1 Rb8 22. g4 c4 23. Kg2 cxb3 24. axb3 Rc5 25. R3e2 Ra5 26. Rd1 Rbb5
27. Rd3 Ke7 28. Kg3 Ra2 29. Rc3 Kd7 30. Ree3 Re5 31. Rf3 Re6 32. Rf5 c6 33. f3
a5 34. Rh5 c5 35. Rxh7 Ke7 36. Rh8 a4 37. bxa4 Rxa4 38. Rb3 Ra7 39. h4 Re5 40.
h5 1-0

[Event "Lindores Abbey Tal Blitz 2021"]
[Site "Riga"]
[Date "2021.11.08"]
[Round "14.20"]
[White "Kravtsiv, Martyn"]
[Black "Bartel, Mateusz"]
[Result "1-0"]
[WhiteElo "2616"]
[BlackElo "2619"]
[Annotator "TA"]
[PlyCount "123"]
[EventDate "2021.11.02"]
[EventType "swiss"]
[EventCountry "LAT"]
[SourceTitle "playchess.com"]
[Source "ChessBase"]
[SourceQuality "1"]

1. e4 Nf6 2. e5 Nd5 3. Nf3 d6 4. d4 dxe5 5. Nxe5 c6 6. Be2 Nd7 7. Nf3 g6 8. c4
Nc7 9. b3 Bg7 10. Bb2 c5 11. Qd2 cxd4 12. Bxd4 e5 13. Bb2 O-O 14. Nc3 Nc5 15.
Rd1 Qxd2+ 16. Nxd2 Bf5 17. Ba3 b6 18. g4 Bc2 19. Bxc5 bxc5 20. Rc1 f5 21. Rxc2
e4 22. Nd5 Ne6 23. gxf5 gxf5 24. f4 Bh6 25. Rf1 a5 26. Nb1 a4 27. Bd1 axb3 28.
axb3 Nd4 29. Rg2+ Kh8 30. Rfg1 Ne6 31. Rf1 Ra1 32. Nbc3 Nd4 33. Kf2 Ne6 34. Ne2
Ra2 35. Kg1 Rd2 36. Ng3 Rd4 37. Bc2 Bg7 38. Kh1 Bh6 39. Rfg1 Ng7 40. Ne2 Rd2
41. Nec3 Rxg2 42. Kxg2 Ne6 43. Ne2 Nd4 44. Nxd4 cxd4 45. Rd1 Bg7 46. b4 Ra8 47.
Bb1 Kg8 48. b5 Kf7 49. b6 Rb8 50. c5 Ke6 51. Nb4 Bf8 52. Nc6 Re8 53. Nxd4+ Kd5
54. Nxf5+ Kxc5 55. Re1 Kxb6 56. Bxe4 Bb4 57. Re2 Kc5 58. Kf3 Rf8 59. h4 Ba5 60.
h5 Bc7 61. Rc2+ Kb6 62. Rg2 1-0

[Event "Lindores Abbey Tal Blitz 2021"]
[Site "Riga"]
[Date "2021.11.08"]
[Round "14.22"]
[White "Petrosyan, Manuel"]
[Black "Indjic, Aleksandar"]
[Result "1-0"]
[WhiteElo "2599"]
[BlackElo "2612"]
[Annotator "TA"]
[PlyCount "64"]
[EventDate "2021.11.02"]
[EventType "swiss"]
[EventCountry "LAT"]
[SourceTitle "playchess.com"]
[Source "ChessBase"]
[SourceQuality "1"]

1. Nf3 g6 2. e4 Nf6 3. e5 Nd5 4. h4 h6 5. d4 d6 6. Be2 Bg7 7. c3 Bg4 8. Qb3 Nb6
9. Ng5 hxg5 10. Bxg4 dxe5 11. Bxg5 exd4 12. O-O Nc6 13. Bf3 Kf8 14. Re1 Bf6 15.
Rd1 Bxg5 16. hxg5 Qd6 17. g3 d3 18. Qb5 Rd8 19. Nd2 a6 20. Qb3 Qe5 21. Ne4 Qf5
22. Bg2 Ne5 23. f4 Nec4 24. Re1 d2 25. Re2 e5 26. Rf1 exf4 27. Nxd2 Nxd2 28.
Qb4+ Kg7 29. Rxf4 Qd7 30. Re7 Nf3+ 31. Rxf3 Qd1+ 32. Rf1 Qg4 1-0

[Event "Lindores Abbey Tal Blitz 2021"]
[Site "Riga"]
[Date "2021.11.08"]
[Round "14.23"]
[White "Yilmaz, Mustafa"]
[Black "Vachier-Lagrave, Maxime"]
[Result "0-1"]
[WhiteElo "2626"]
[BlackElo "2766"]
[Annotator "TA"]
[PlyCount "72"]
[EventDate "2021.11.02"]
[EventType "swiss"]
[EventCountry "LAT"]
[SourceTitle "playchess.com"]
[Source "ChessBase"]
[SourceQuality "1"]

1. e4 c6 2. d4 d5 3. e5 Bf5 4. Nf3 e6 5. Be2 Ne7 6. O-O c5 7. c3 Nd7 8. Nh4 Be4
9. Nd2 Nc6 10. Nxe4 dxe4 11. g3 cxd4 12. cxd4 Nb6 13. Be3 Be7 14. Ng2 O-O 15.
Qd2 Rc8 16. Rac1 Nd5 17. a3 Qb6 18. Nf4 Nxe3 19. fxe3 Na5 20. Rxc8 Rxc8 21. Rc1
Rxc1+ 22. Qxc1 Nc6 23. Kg2 g6 24. Qc2 a5 25. Nh3 Kg7 26. Nf4 Bg5 27. h4 Bxf4
28. gxf4 Ne7 29. Kf2 h5 30. Bf1 Nf5 31. Bg2 Qd8 32. Bxe4 Qxh4+ 33. Ke2 Qh2+ 34.
Kd3 Qxc2+ 35. Kxc2 Nxe3+ 36. Kd2 Nd5 0-1

[Event "Lindores Abbey Tal Blitz 2021"]
[Site "Riga"]
[Date "2021.11.08"]
[Round "14.24"]
[White "Dreev, Aleksey"]
[Black "Ponomariov, Ruslan"]
[Result "1-0"]
[WhiteElo "2635"]
[BlackElo "2633"]
[Annotator "RC"]
[PlyCount "51"]
[EventDate "2021.11.02"]
[EventType "swiss"]
[EventCountry "LAT"]
[SourceTitle "playchess.com"]
[Source "ChessBase"]
[SourceQuality "1"]

1. d4 d5 2. c4 c6 3. cxd5 cxd5 4. Bg5 Nc6 5. Nc3 f6 6. Bd2 e6 7. Nf3 Bb4 8. a3
Ba5 9. b4 Bc7 10. Rc1 Nge7 11. e3 O-O 12. Qb3 f5 13. Bd3 Bd7 14. O-O Be8 15.
Na4 b6 16. Nc3 h6 17. Ba6 Bh5 18. Nb5 Bxf3 19. gxf3 Bd6 20. Bb7 Qd7 21. Nxd6
Qxd6 22. Bxa8 Rxa8 23. b5 Na5 24. Bxa5 bxa5 25. Qc3 Ng6 26. Qc6 1-0

[Event "Lindores Abbey Tal Blitz 2021"]
[Site "Riga"]
[Date "2021.11.08"]
[Round "14.25"]
[White "Bluebaum, Matthias"]
[Black "Vokhidov, Shamsiddin"]
[Result "1-0"]
[WhiteElo "2647"]
[BlackElo "2521"]
[Annotator "TA"]
[PlyCount "119"]
[EventDate "2021.11.02"]
[EventType "swiss"]
[EventCountry "LAT"]
[SourceTitle "playchess.com"]
[Source "ChessBase"]
[SourceQuality "1"]

1. d4 Nf6 2. c4 e6 3. Nc3 Bb4 4. e3 O-O 5. Bd3 d5 6. cxd5 exd5 7. Nge2 Re8 8.
Bd2 Bd6 9. Qc2 a6 10. f3 c5 11. dxc5 Bxc5 12. e4 d4 13. Nd5 Bd6 14. Nxf6+ Qxf6
15. O-O Nc6 16. f4 Nb4 17. Bxb4 Bxb4 18. e5 Qh6 19. Kh1 Bd7 20. Nxd4 Rac8 21.
Qe2 Bc5 22. Nf5 Bxf5 23. Bxf5 Rcd8 24. g3 Rd4 25. Be4 Red8 26. Rad1 Qb6 27.
Rxd4 Rxd4 28. a3 Qd8 29. b4 Be7 30. Bxb7 a5 31. Rc1 Rd2 32. Qf3 Rd3 33. Qe2 Rd2
34. Qc4 axb4 35. axb4 Qb6 36. Bg2 Qf2 37. Qc8+ Bf8 38. Qa8 Qd4 39. Qf3 Qxb4 40.
Rf1 Qd4 41. Re1 Rd3 42. Qe4 g6 43. Qxd4 Rxd4 44. Bf3 Rd3 45. Kg2 Rd2+ 46. Be2
Bb4 47. Kf1 Rb2 48. Rd1 Bd2 49. Kf2 g5 50. f5 Kf8 51. Kf3 Bc3 52. f6 Ke8 53.
Rd5 g4+ 54. Ke3 Rb8 55. Bb5+ Kf8 56. Kf4 h5 57. Kg5 Kg8 58. Kxh5 Kh7 59. Bd3+
Kg8 60. Kxg4 1-0

[Event "Lindores Abbey Tal Blitz 2021"]
[Site "Riga"]
[Date "2021.11.08"]
[Round "14.26"]
[White "Howell, David W L"]
[Black "Volokitin, Andrei"]
[Result "1-0"]
[WhiteElo "2648"]
[BlackElo "2656"]
[Annotator "TA"]
[PlyCount "83"]
[EventDate "2021.11.02"]
[EventType "swiss"]
[EventCountry "LAT"]
[SourceTitle "playchess.com"]
[Source "ChessBase"]
[SourceQuality "1"]

1. c4 Nf6 2. Nc3 c5 3. Nf3 d5 4. cxd5 Nxd5 5. e3 e6 6. d4 cxd4 7. exd4 Be7 8.
Bd3 O-O 9. O-O Nc6 10. Re1 Bf6 11. Be4 Nce7 12. Qd3 h6 13. Ne5 Nxc3 14. Qxc3
Nf5 15. Be3 Nd6 16. Bf3 Bd7 17. Rac1 Rc8 18. Qb4 Be7 19. Qb3 b6 20. Rxc8 Qxc8
21. Rc1 Qd8 22. g3 Be8 23. Kg2 Nf5 24. Rd1 Bf6 25. Qc4 Qd6 26. Bf4 Qe7 27. h4
a5 28. h5 Bg5 29. Qc1 Bxf4 30. Qxf4 Qb4 31. Rd2 a4 32. a3 Qe7 33. d5 Nd6 34.
Nc6 Bxc6 35. dxc6 e5 36. Qb4 Rd8 37. Qxb6 e4 38. Bg4 f5 39. Bxf5 Rf8 40. Bg4 e3
41. Qxe3 Qf6 42. Qe6+ 1-0

[Event "Lindores Abbey Tal Blitz 2021"]
[Site "Riga"]
[Date "2021.11.08"]
[Round "14.27"]
[White "Ponkratov, Pavel"]
[Black "Niemann, Hans Moke"]
[Result "0-1"]
[WhiteElo "2662"]
[BlackElo "2635"]
[Annotator "TA"]
[PlyCount "44"]
[EventDate "2021.11.02"]
[EventType "swiss"]
[EventCountry "LAT"]
[SourceTitle "playchess.com"]
[Source "ChessBase"]
[SourceQuality "1"]

1. c4 g6 2. Nc3 Bg7 3. h4 Nf6 4. e4 e5 5. Be2 h5 6. Nf3 Nc6 7. d4 exd4 8. Nxd4
Nxe4 9. Nxe4 Bxd4 10. Bg5 f6 11. Bf4 d6 12. O-O O-O 13. Bd3 Bf5 14. Nxd6 cxd6
15. Bxf5 gxf5 16. Qxh5 Qd7 17. Rad1 Be5 18. Bh6 Qh7 19. b4 Bf4 20. b5 Ne5 21.
Rxd6 Qxh6 22. Qxf5 Nf3+ 0-1

[Event "Lindores Abbey Tal Blitz 2021"]
[Site "Riga"]
[Date "2021.11.08"]
[Round "14.28"]
[White "Sasikiran, Krishnan"]
[Black "Swiercz, Dariusz"]
[Result "0-1"]
[WhiteElo "2640"]
[BlackElo "2647"]
[Annotator "TA"]
[PlyCount "72"]
[EventDate "2021.11.02"]
[EventType "swiss"]
[EventCountry "LAT"]
[SourceTitle "playchess.com"]
[Source "ChessBase"]
[SourceQuality "1"]

1. d4 d6 2. e4 g6 3. Nc3 Bg7 4. Be3 Nf6 5. h3 O-O 6. Nf3 Nc6 7. Qd2 e5 8. dxe5
Nxe5 9. O-O-O Nxf3 10. gxf3 b5 11. Bh6 Bxh6 12. Qxh6 b4 13. Ne2 Nh5 14. Nf4
Nxf4 15. Qxf4 Qe7 16. h4 Be6 17. h5 a5 18. Qh6 a4 19. Bd3 b3 20. cxb3 axb3 21.
a3 Ra5 22. Rdg1 Rc5+ 23. Kb1 g5 24. f4 f6 25. e5 Kh8 26. fxg5 fxg5 27. Rxg5
Rxe5 28. Bxh7 Qxg5 29. Qxf8+ Kxh7 30. Ka1 Bd5 31. f4 Qe7 32. Qxe7+ Rxe7 33. Rd1
Bf3 34. Rc1 d5 35. a4 d4 36. a5 d3 0-1

[Event "Lindores Abbey Tal Blitz 2021"]
[Site "Riga"]
[Date "2021.11.08"]
[Round "14.29"]
[White "Kryvoruchko, Yuriy"]
[Black "Ganguly, Surya Shekhar"]
[Result "1-0"]
[WhiteElo "2681"]
[BlackElo "2633"]
[Annotator "TA"]
[PlyCount "89"]
[EventDate "2021.11.02"]
[EventType "swiss"]
[EventCountry "LAT"]
[SourceTitle "playchess.com"]
[Source "ChessBase"]
[SourceQuality "1"]

1. e4 e6 2. d4 d5 3. Nc3 Bb4 4. e5 c5 5. a3 Bxc3+ 6. bxc3 Ne7 7. Nf3 Qa5 8. Bd2
Nbc6 9. Bd3 c4 10. Be2 Bd7 11. O-O O-O-O 12. a4 Kb8 13. Nh4 Ka8 14. g3 Nc8 15.
Ng2 Nb8 16. Qb1 Bc6 17. h4 Nd7 18. h5 f6 19. f4 g5 20. Qb4 Qc7 21. exf6 Nxf6
22. fxg5 Ne4 23. Bf4 Qg7 24. h6 Qg8 25. Bg4 Nxg5 26. Be5 Ne4 27. Rf4 Nxg3 28.
Re1 Qg6 29. Bxh8 Rxh8 30. Rf8 Rxf8 31. Qxf8 Bd7 32. Qg7 Qe8 33. Bxe6 Bxe6 34.
Qxg3 Qc6 35. Qg5 a5 36. Qf6 Bd7 37. Qxc6 Bxc6 38. Nf4 Bxa4 39. Nxd5 Bxc2 40.
Re8 Kb8 41. Ne7 a4 42. Rxc8+ Ka7 43. Nd5 a3 44. Nb4 Kb6 45. Nxc2 1-0

[Event "Lindores Abbey Tal Blitz 2021"]
[Site "Riga"]
[Date "2021.11.08"]
[Round "14.30"]
[White "Ernst, Sipke"]
[Black "Van Foreest, Jorden"]
[Result "0-1"]
[WhiteElo "2532"]
[BlackElo "2701"]
[Annotator "ChessBase"]
[PlyCount "50"]
[EventDate "2021.11.02"]
[EventType "swiss"]
[EventCountry "LAT"]
[SourceTitle "playchess.com"]
[Source "ChessBase"]
[SourceQuality "1"]

1. d4 Nf6 2. c4 Ne4 3. f3 Nd6 4. c5 Nf5 5. e4 Nh4 6. g3 Ng6 7. f4 e6 8. h4 b6
9. h5 Ne7 10. cxb6 axb6 11. Nf3 d5 12. e5 c5 13. Be3 Nbc6 14. Nc3 Nf5 15. Bf2
Ncxd4 16. Nxd4 cxd4 17. Nb5 Bb4+ 18. Ke2 O-O 19. Kf3 f6 20. exf6 Qxf6 21. Nxd4
e5 22. Nxf5 Bxf5 23. Qxd5+ Be6 24. Qe4 exf4 25. Bd4 Qf7 0-1